000
00239nam a22001097a 4500
003
OSt
008
231114b |||||||| |||| 00| 0 eng d
041
_a
mal
100
_a
Nandakumar, P.T
_9
5629
245
_a
Nalathe mazhavillukal
942
_c
BK
999
_c
17856
_d
17856